|
|
|
|
| LEADER |
00638nam a2200253 a 4500 |
| 001 |
adlib96000001 |
| 003 |
ViArRB |
| 005 |
20151026130828.0 |
| 008 |
960221s1955 dcuabcdjdbkoqu001 0deng d |
| 020 |
|
|
|
| 022 |
|
|
|
| 040 |
|
|
|a Adlib
|
| 082 |
|
|
|a F
|
| 245 |
|
|
|a Three Companions
|
| 250 |
|
|
|
| 260 |
|
|
|a Hyderabad
|b Disha Books
|c 1992
|
| 300 |
|
|
|a viii, 100p.
|
| 500 |
|
|
|a
|
| 100 |
|
|
|a Tagore, Rabindranath
|
| 700 |
|
|
|a Mukherjee, Sujit
|
| 942 |
|
|
|c BK
|6 _
|
| 653 |
|
|
|a bangali
|a Literature
|a Fiction
|
| 999 |
|
|
|c 14191
|d 14191
|
| 952 |
|
|
|0 0
|1 0
|4 0
|6 F_TAGT
|7 0
|9 25704
|a UL
|b UL
|d 2010-06-16
|o F TAG/T
|p 00039518
|r 2010-06-16
|w 2010-06-16
|y BK
|